000 00758nam a2200301Ia 4500
005 20260401122430.0
008 008 250103s9999 xx 000 0 eng d
020 _a9780786423989
037 _aTB
040 _aEDL
040 _beng
040 _cEDL
041 _2eng
041 _aeng
084 _a327.73 MON
084 _qEDL
100 _aMonchau, Cecile Menetrey
_91233603
245 0 _aAmerican-Vietnamese relations in the wake of war : Diplomacy after the capture of saigon, 1975-79
245 0 _cMonchau, Cecile Menetrey
260 _aNorth Carolina
260 _bMcFarland & Company
260 _c2006
300 _a308p
942 _cTB
942 _h327.73 MON
999 _c1847234
_d1847234